000 00638nam a2200181Ia 4500
008 100921s9999 xx 000 0 und d
082 _b43519
_a920.71 न 09
100 _aशिंगटे सुरेश.
245 _aकावार.
260 _bअजब पुस्तकालय,कोल्हापूर.
_c2009
300 _a320
_bअजब पब्लिकेशन,कोल्हापूर.
365 _b310
520 _aचरित्र्ेा-पुरूष.
630 _aकावार.
650 _aचरित्र्ेा-पुरूष.
730 _aकावार.
942 _cBOOK
999 _c792632
_d792629